| 000 | 01582nam a22002777a 4500 | ||
|---|---|---|---|
| 001 | 1373 | ||
| 005 | 20230823110510.0 | ||
| 008 | 230822b cb ||||| |||| 00| 0 khr d | ||
| 020 | _a9789995054526 | ||
| 040 |
_aFISKH _beng _cFISKH _dFISKH |
||
| 082 | _a398.2454 | ||
| 100 | _aBichonnier, Henriette | ||
| 245 |
_aអ៊ីម៉ី និងសត្វនាគរបស់នាង / _cនិពន្ធរឿងដោយ Henriette Bichonnier - គូររូបដោយ Frederick Mansot |
||
| 260 |
_aPhnom Penh : _bSipar, _c2021. |
||
| 300 |
_a36 pages : _bcolor illustrations ; _c25 cm |
||
| 490 | _aខ្ញុំចង់បាន | ||
| 505 | _aP | ||
| 520 | _aអ៊ីម៉ីរស់នៅក្នុងប្រទេសចិនជាមួយជីដូន។ ទេពកោសល្យដេរប៉ាក់របស់នាងធ្វើឳ្យជីដូននាងសប្បាយចិត្តណាស់។ ក្រណាត់រូបសត្វដែលនាងប៉ាក់នោះ ក្លាយជាសត្វដែលមានជីវិត។ | ||
| 520 | _aEmey lives in China with her grandmother. Her embroidery talent made her grandmother very happy. The fabric she embroidered turned into a living creature. | ||
| 521 |
_a650
_bLexile estimate |
||
| 521 |
_aP
_bRaz-Plus |
||
| 650 |
_aទេពកោសល្យ _vដេរប៉ាក់ _xមានជីវិត |
||
| 650 |
_aTalent _vEmbroidery _xCreature |
||
| 700 |
_aMansot, Frederick _cillustrator |
||
| 942 |
_2ddc _cBK _n0 |
||
| 999 |
_c1373 _d1373 |
||